000 01273nam0a22002651i 4500
001 rc\4242596
005 20260407065124.0
021 _aRU
_b[68-50080]
035 _a(NLR Aleph) 008231026
090 _a8216717
_c8216717
100 _a20130416d1968 |||y0rusy50 ca
101 0 _arus
102 _aRU
105 _ay d |||||
200 1 _aФольклор и творчество писателя в таджикской советской литературе
_e(На примере творчества С. Айни и А. Лахути)
_eАвтореферат дис. на соискание учен. степени д-ра филол. наук
_e(642)
_fТадж. гос. ун-т им. В.И. Ленина
210 _aДушанбе
_d1968
215 _a160 с.
300 _aПеред загл. авт.: В.М. Асроров (В. Асрори)
700 1 _aАсроров
_bВ.М.
_gВахид Мирашурович
702 1 _4570
_8rus
_7ca
_aАйни
_bС.
_cтаджикский сов. писатель
_f1878-1954
_gСадриддин
_3RU\NLR\auth\7715967
_9125612
702 1 _aЛахути
_bА.А.
_f1887-1957
_gАбулькасим Ахмедзаде
_4570
801 0 _aRU
_bNLR
_gpsbo
801 1 _aRU
_bELAR
_2rusmarc
852 _aNLR
_j68-5/4026
942 _cBOOK